| 000 | 00581nam a2200217 a 4500 | ||
|---|---|---|---|
| 001 | BRCA_3803 | ||
| 005 | 20190320204430.0 | ||
| 008 | 221109s1925----enka######---#000-0#eng-# | ||
| 041 | _aeng | ||
| 044 | _aenk | ||
| 050 | 4 |
_aF1246 _b.B36 1925 |
|
| 100 | 1 |
_aBanning, George Hugh. _99912 |
|
| 245 | 1 | 0 |
_aIn Mexican waters _cby George Hugh Banning. |
| 260 |
_aLondon _bM. Hopkinson _c1925 |
||
| 300 |
_a196 p. _bil. _c20 cm. |
||
| 500 | _aB166 | ||
| 650 | 1 | 4 |
_aIslas del Pacífico. _99913 |
| 651 | 4 |
_aBaja California _vDescripción y viajes. _99914 |
|
| 902 | _aGFM | ||
| 942 |
_2lcc _cB |
||
| 999 |
_c3532 _d3532 |
||